1868 1992 1075 1644 1436 1917 1264 1566 1085 1845 1979 1983 1143 1182 1399 1221 1093 1875 1475 1061 1442 1109 1803 1369 1707 1952 1797 1040 1325 1112 1989 1992 1546 1252 1384 1933 1291 1533 1717 1982 1116 1110 1868 1854 1372 1917 1299 1444 1774 1867 1008 1985 1842 1393 1419 1983 1308 1449 1242 1368 1268 1976 1192 1412 1114 1124 1079 1423 1626 1478 1191 1581 1553 1676 1331 1409 1329 1166 1803 1487 1858 1040 1720 1858 1279 1390 1796 1970 1000 1143 1689 1931 1936 1539 1676 1656 1637 1471 1159 BCNSPRNW ULIB Ver.6.0+V

เปลี่ยนเป็นภาษาไทย

Change to English
 แสดงรายละเอียดบรรณานุกรม
  กลับหน้าหลัก

Brief Record : Get Marc (ISO 2709) : E-mail record : QR code < ปิดหน้าต่าง
LEADER : 00000nam 2200000uu 4500
001    13399111817
003     ULIB
008    110708s2550||||th 000 0 tha d
020    9740989561
050  4 DS578.32.K35^bก218ฉ 2550
110 1  กระทรวงวัฒนธรรม
245 10 เฉลิมพระเกียรติ สมเด็จพระเจ้าพี่นางเธอ เจ้าฟ้ากัลยาณิวัฒนา กรมหลวงนราธิวาสราชนครินทร์ เนื่องในโอกาสมหามงคลเจริญพระชนมายุ 7 รอบ 6 พฤษภาคม 2550 /^cกระทรวงวัฒนธรรม
250    พิมพ์ครั้งที่ 1
260    กรุงเทพฯ :^bกลุ่มประชาสัมพันธ์ สำนักงานปลัดกระทรวงวัฒนธรรม,^c2550
300    39 หน้า :^bภาพประกอบ.
650  7 นราธิวาสราชนครินทร์, สมเด็จฯ เจ้าฟ้า กรมหลวง, 2466
650  7 สมเด็จพระเจ้าพี่นางเธอ เจ้าฟ้ากัลยาณิวัฒนา กรมหลวง
945    ^p0^l0^i023248
945    ^p0^l0^i023249
995    ทศพร
999 ^a ใช้งานได้ทุกระบบ
รายการนี้ยังไม่มีแท็ก
คุณยังไม่ได้ล็อกอิน คุณสามารถมีกิจกรรมร่วมกับเว็บไซต์ได้ แต่ต้องล็อกอินก่อน ::
  ล็อกอิน

รายการสื่อสารสนเทศ

ลำดับที่ ประเภท เลขเรียก/บาร์โค้ด สถานที่ สถานะ
- ไม่พบข้อมูล -

BibComment


ยังไม่เคยถูกคอมเมนท์

คอมเมนท์ทรัพยากรรายการนี้
  คอมเมนท์: เฉลิมพระเกียรติ ส..


 Copyright 2026. Bcnsprnw @Library